| 000 | 00405 a2200157 4500 | ||
|---|---|---|---|
| 003 | NUST | ||
| 005 | 20230309184913.0 | ||
| 040 | _cNust | ||
| 082 | _a891.439,YOU | ||
| 100 |
_aYousafi, Mushtaq Ahmed _923902 |
||
| 245 |
_aAab e Gum /آبِ گم (Urdu) / _cMushtaq Ahmed Yousafi |
||
| 260 |
_aKarachi _bParaGone ltd _c1996 |
||
| 300 | _a404:p. | ||
| 650 | _aUrdu Literature | ||
| 942 |
_2ddc _cBK _k891.439,YOU |
||
| 999 |
_c180200 _d180200 |
||